Để trở nên hiệu quả hơn : Đánh thức tiềm năng trong bạn

Guardat en:
Dades bibliogràfiques
Autor principal: Horrocks, Elaine
Format: Llibre
Idioma:Undetermined
Publicat: Thành phố Hồ Chí Minh Trẻ 2003
Matèries:
Etiquetes: Afegir etiqueta
Sense etiquetes, Sigues el primer a etiquetar aquest registre!
Thư viện lưu trữ: Trung tâm Học liệu Trường Đại học Cần Thơ
LEADER 00621nam a2200193Ia 4500
001 CTU_56757
008 210402s9999 xx 000 0 und d
020 |c 20500 
082 |a 658.4 
082 |b H817 
100 |a Horrocks, Elaine 
245 0 |a Để trở nên hiệu quả hơn : 
245 0 |b Đánh thức tiềm năng trong bạn 
245 0 |c Elaine Horrocks 
260 |a Thành phố Hồ Chí Minh 
260 |b Trẻ 
260 |c 2003 
650 |a Decision-making,Executives,Business management,Creative ability in business 
980 |a Trung tâm Học liệu Trường Đại học Cần Thơ